Separovaný zber vo vlastnej réžii
Moderné technológie na spracovanie odpadu. Odvoz komunálneho odpadu. Triedenie, lisovanie a dodaj podnikom na spracovanie ako druhotnej suroviny. Odpadové hospodárstvo a recyklácia odpadu. Kjótsky protokol a projekty na ochranu ovzdušia.
Na minha lista:
| Autor principal: | |
|---|---|
| Formato: | Capítulo de Livro |
| Idioma: | eslovaco |
| Assuntos: | |
| Tags: |
Sem tags, seja o primeiro a adicionar uma tag!
|
MARC
| LEADER | 00000naa$a2200000$$$4500 | ||
|---|---|---|---|
| 001 | 0113891 | ||
| 005 | 20231005102524.2 | ||
| 041 | 0 | |a slo | |
| 044 | |a SK | ||
| 245 | 1 | 0 | |a Separovaný zber vo vlastnej réžii |c Marián Hudec |
| 520 | |a Moderné technológie na spracovanie odpadu. Odvoz komunálneho odpadu. Triedenie, lisovanie a dodaj podnikom na spracovanie ako druhotnej suroviny. Odpadové hospodárstvo a recyklácia odpadu. Kjótsky protokol a projekty na ochranu ovzdušia. | ||
| 610 | 2 | 0 | |a hospodárstvo odpadové |
| 610 | 2 | 0 | |a zber separovaný |
| 610 | 2 | 0 | |a zber surovín |
| 610 | 2 | 0 | |a spracovanie odpadu |
| 610 | 2 | 0 | |a recyklácia odpadu |
| 610 | 2 | 0 | |a suroviny druhotné |
| 100 | 1 | |a Hudec, Marián | |